000 00507nam a2200157 a 4500
005 20140310183133.0
008 030304s19uu xx 00 eng d
050 _aKF 390.A5
_b.N68 1986
100 _aNovik, Jack D.
245 _aWorld almanac's legal guide for American travelers /
_cJack D. Novik.
260 _aNew York :
_bWorld Almanac publication,
_c1986.
300 _a144 p. :
_c18 cm.
650 _aAmericans
_xlegal status, laws, etc.
_xEurope
_xpopular works
942 _cBK
_2lcc
999 _c19210
_d19210